header

Enforcing the rule of law : (Record no. 1640)

MARC details
000 -LEADER
fixed length control field 02020nam a2200445 i 4500
001 - CONTROL NUMBER
control field ebr10960581
003 - CONTROL NUMBER IDENTIFIER
control field CaPaEBR
006 - FIXED-LENGTH DATA ELEMENTS--ADDITIONAL MATERIAL CHARACTERISTICS--GENERAL INFORMATION
fixed length control field m o d
007 - PHYSICAL DESCRIPTION FIXED FIELD--GENERAL INFORMATION
fixed length control field cr cn|||||||||
008 - FIXED-LENGTH DATA ELEMENTS--GENERAL INFORMATION
fixed length control field 141112t20062006paua ob 001 0 eng d
020 ## - INTERNATIONAL STANDARD BOOK NUMBER
Cancelled/invalid ISBN 9780822958963
International Standard Book Number 9780822972884 (e-book)
040 ## - CATALOGING SOURCE
Original cataloging agency CaPaEBR
Language of cataloging eng
Description conventions rda
-- pn
Transcribing agency CaPaEBR
035 ## - SYSTEM CONTROL NUMBER
System control number (OCoLC)656570700
043 ## - GEOGRAPHIC AREA CODE
Geographic area code cl-----
050 14 - LIBRARY OF CONGRESS CALL NUMBER
Classification number JL960
Item number .E54 2006eb
082 04 - DEWEY DECIMAL CLASSIFICATION NUMBER
Classification number 320.6098
Edition number 22
245 00 - TITLE STATEMENT
Title Enforcing the rule of law :
Remainder of title social accountability in the new Latin American democracies /
Statement of responsibility, etc edited by Enrique Peruzzotti and Catalina Smulovitz.
264 #1 - PRODUCTION, PUBLICATION, DISTRIBUTION, MANUFACTURE, AND COPYRIGHT NOTICE
Place of production, publication, distribution, manufacture Pittsburgh, Pennsylvania :
Name of producer, publisher, distributor, manufacturer University of Pittsburgh Press,
Date of production, publication, distribution, manufacture, or copyright notice 2006.
Date of production, publication, distribution, manufacture, or copyright notice �2006
300 ## - PHYSICAL DESCRIPTION
Extent 1 online resource (377 pages) :
Other physical details illustrations.
336 ## - CONTENT TYPE
Content type term text
Source rdacontent
337 ## - MEDIA TYPE
Media type term computer
Source rdamedia
338 ## - CARRIER TYPE
Carrier type term online resource
Source rdacarrier
490 1# - SERIES STATEMENT
Series statement Pitt Latin American Series
504 ## - BIBLIOGRAPHY, ETC. NOTE
Bibliography, etc Includes bibliographical references and index.
588 ## - SOURCE OF DESCRIPTION NOTE
Source of description note Description based on print version record.
590 ## - LOCAL NOTE (RLIN)
Local note Electronic reproduction. Palo Alto, Calif. : ebrary, 2014. Available via World Wide Web. Access may be limited to ebrary affiliated libraries.
650 #0 - SUBJECT ADDED ENTRY--TOPICAL TERM
Topical term or geographic name as entry element Public administration
Geographic subdivision Latin America.
Topical term or geographic name as entry element Rule of law
Geographic subdivision Latin America.
Topical term or geographic name as entry element Government liability
Geographic subdivision Latin America.
651 #0 - SUBJECT ADDED ENTRY--GEOGRAPHIC NAME
Geographic name Latin America
General subdivision Politics and government
Chronological subdivision 1980-
655 #0 - INDEX TERM--GENRE/FORM
Genre/form data or focus term Electronic books.
700 1# - ADDED ENTRY--PERSONAL NAME
Personal name Peruzzotti, Enrique,
Relator term editor.
Personal name Smulovitz, Catalina,
Relator term editor.
776 08 - ADDITIONAL PHYSICAL FORM ENTRY
Display text Print version:
Title Enforcing the rule of law : social accountability in the new Latin American democracies.
Place, publisher, and date of publication Pittsburgh, Pennsylvania : University of Pittsburgh Press, c2006
Physical description xiv, 362 pages
Series data for related item Pitt Latin American series.
International Standard Book Number 9780822958963
Record control number 2005028747
797 2# - LOCAL ADDED ENTRY--CORPORATE NAME (RLIN)
Corporate name or jurisdiction name as entry element ebrary.
830 #0 - SERIES ADDED ENTRY--UNIFORM TITLE
Uniform title Pitt Latin American series.
856 40 - ELECTRONIC LOCATION AND ACCESS
Uniform Resource Identifier <a href="http://site.ebrary.com/lib/rucke/Doc?id=10960581">http://site.ebrary.com/lib/rucke/Doc?id=10960581</a>
Public note An electronic book accessible through the World Wide Web; click to view

No items available.

© 2026 Rongo University
Contact us: librarian | system librarian | Rongo university